000 00438nam a2200169Ia 4500
008 240729s9999 xx 000 0 und d
022 _a2666-9641
245 0 _aAnnals of 3D Printed Medicine
260 _aFrance
260 _bElsevier
650 _a Medical technology
650 _a Medicine (General)
650 _aMedicine
856 _uhttps://doaj.org/toc/d79e1b773cfd4a7db71c0494e57fd543
942 _2ddc
942 _cDOAJEJ
999 _c69288
_d69288
945 _a1
_bMadushi Gamage
_c1
_dMadushi Gamage